000 00403nam a2200157Ia 4500
008 151213s9999 xx 000 0 und d
100 _aFrank W.Bradlerook
245 _aJane Austen and Her Predecessor
_cFrank W.Bradlerook
250 _a1st
260 _aNew York
_bCambridge
_c1966
300 _a4505 p.
650 _aBiography
650 _aReference
700 _aFrank W.Bradlerook
999 _c2880
_d2880